Ten Decades Ago 1840-1850 A Study of the Work of Rawdon, Wright, Hatch and Edson of New York City (Record no. 701)

000 -LEADER
fixed length control field 00353nam a22001217a 4500
003 - CONTROL NUMBER IDENTIFIER
control field OSt
008 - FIXED-LENGTH DATA ELEMENTS--GENERAL INFORMATION
fixed length control field 150215b xxu||||| |||| 00| 0 eng d
041 ## - LANGUAGE CODE
Language code of text/sound track or separate title eng
100 1# - MAIN ENTRY--PERSONAL NAME
Personal name Boggs
245 10 - TITLE STATEMENT
Title Ten Decades Ago 1840-1850 A Study of the Work of Rawdon, Wright, Hatch and Edson of New York City
260 ## - PUBLICATION, DISTRIBUTION, ETC. (IMPRINT)
Name of publisher, distributor, etc. The American Philatelic Society, Inc
300 ## - PHYSICAL DESCRIPTION
Extent 0 pages
Holdings
Withdrawn status Lost status Damaged status Not for loan Permanent Location Current Location Date acquired Total Checkouts Date last seen Price effective from Koha item type
        Northern Philatelic Library Northern Philatelic Library 02/15/2015   06/28/2015 06/28/2015 Books

Powered by Koha